[Event "Hradec Kralove op"]
[Site "Hradec Kralove"]
[Date "1994.??.??"]
[Round "8"]
[White "Kopr, Stanislav"]
[Black "Pretterhofer, Martin"]
[Result "1-0"]
[WhiteElo "1895"]
[BlackElo "1700"]
[PlyCount "55"]
[EventDate "1994.??.??"]
[EventType "swiss"]
[EventRounds "9"]
[EventCountry "CZE"]
[SourceTitle "EXT 1999"]
[Source "ChessBase"]
[SourceDate "1998.11.16"]
[SourceVersion "1"]
[SourceVersionDate "1998.11.16"]
[SourceQuality "1"]

1. e4 c5 2. b3 Nc6 3. Bb2 Nf6 4. e5 Nd5 5. Nf3 e6 6. Bb5 a6 7. Bxc6 bxc6 8. 0-0 Be7 9. c4 Nf4 10. d4 cxd4 11. g3 Ng6 12. Qxd4 c5 13. Qe3 0-0 14. Nbd2 f6 15. exf6 Bxf6 16. Bxf6 Qxf6 17. Qxc5 Bb7 18. Ng5 d5 19. Qe3 Rad8 20. f4 Qf5 21. c5 Rf6 22. Ndf3 h6 23. Nd4 Qg4 24. Ngf3 Nxf4 25. Ne5 Qh3 26. Rxf4 Rxf4 27. Qxf4 Qh5 28. g4 1-0

[Event "Hradec Kralove op"]
[Site "Hradec Kralove"]
[Date "1994.??.??"]
[Round "6"]
[White "Pretterhofer, Martin"]
[Black "Walter, J."]
[Result "0-1"]
[WhiteElo "1700"]
[BlackElo "1650"]
[PlyCount "102"]
[EventDate "1994.??.??"]
[EventType "swiss"]
[EventRounds "9"]
[EventCountry "CZE"]
[SourceTitle "EXT 1999"]
[Source "ChessBase"]
[SourceDate "1998.11.16"]
[SourceVersion "1"]
[SourceVersionDate "1998.11.16"]
[SourceQuality "1"]

1. e4 e5 2. Nf3 Nc6 3. Bb5 a6 4. Ba4 Be7 5. 0-0 Nf6 6. Re1 b5 7. Bb3 0-0 8. c3 d6 9. d4 Bg4 10. d5 Na5 11. Bc2 Rc8 12. b4 Nc4 13. h3 Bh5 14. a4 Qd7 15. Qd3 c6 16. dxc6 Rxc6 17. axb5 axb5 18. Nfd2 Rfc8 19. Nxc4 Rxc4 20. Bd2 Bg6 21. f3 Qb7 22. Na3 d5 23. Nxc4 Rxc4 24. Qe3 Bd8 25. Kh1 Bb6 26. Qg5 dxe4 27. Qxe5 Bc7 28. Qe7 Qc6 29. fxe4 Bxe4 30. Bxe4 Nxe4 31. Be3 h6 32. Bd4 Ng3+ 33. Kg1 Nf5 34. Qe8+ Qxe8 35. Rxe8+ Kh7 36. Ra7 Nxd4 37. cxd4 Bb6 38. Rxf7 Rxd4 39. Ree7 Rd1+ 40. Kh2 Bd4 41. Rf5 Bg1+ 42. Kg3 Rd3+ 43. Rf3 Rd4 44. Rb3 Rd5 45. Kf3 Rg5 46. g4 Kg6 47. Ke4 Bh2 48. Rd7 Re5+ 49. Kd4 Kf6 50. Rd5 Bg1+ 51. Kc3 Rxd5 0-1